01476nam a2200313 a 4500001001000000003000900010005001700019008004100036040002500077082002400102100003900126245008300165246002600248260004200274300003500316490004600351500006400397504003300461590002600494650003200520710010100552830005300653910003800706942001400744952013700758952012800895952012201023999001701145000016561DO-SdBNP20250306141836.0100308s1982 dr ab r 001 0 spa d aDO-SdBNPbspacBNPHU a372.61bD542L, 19821 aDíaz Castillo, Bienvenido92252910aLengua española 0-11 :bteoría y práctica /cBienvenido Díaz Castillo.1 aRedaccíon letra 011 aSanto Domingo :bAlfa y Omega,c1982. a276 p. :bil., mapas ;c22 cm.1 aPublicaciones del Economato Universitario aIncluye datos biográficos del autor en la contracubierta. aBibliografía : p. 257-259. aInventariado, 2018/BT 4aEspañolxEnseñanza94061 aUniversidad Autónoma de Santo DomingobFacultad de Humanidades.bDepartamento de Letras972951 0aPublicaciones del Economato Universitario936818 aValidado. Control de calidad. EMS 2ddccLBS1 001154708DSaGRbGRcMId2014-03-24iLF1l0o372.61 D542L, 1982p16561-30r2020-06-25te. 3w2020-06-25yLFDSZPréstamo en sala 0011718PDaPDbPDcMId2014-03-24iLF1l0o372.61 D542L, 1982p16561-20r2020-06-25te. 2w2020-06-25yLFPDZNo se presta 0010718PDaPDbPDcHDd2010-03-08iLF1l0o372.61 D542L, 1982p16561-10r2020-06-25w2020-06-25yLFPDZNo se presta c16094d16094